00230nam a2200097Ia 4500008004100000100001900041245002600060260001900086300000900105650001800114190216s9999||||xx |||||||||||||| ||und|| aStanley Weyman 2aA Gentleman Of France bLongmansc1965 a154p aEnglish Novel